[Event "AUTO-INT-3938"]
[Site "http://www.queenalice.com/game.php?id=1859410"]
[Date "2025.7.5"]
[Round "1"]
[White "SamuraiJOM"]
[Black "game"]
[Result "1-0"]
[WhiteElo "1767"]
[BlackElo "1710"]

1. e4 c5 2. Bc4 e6 3. Nf3 Nc6 4. O-O Nf6 5. c3 Nxe4 6. d4 Na5 7. Bd3 f5 8. dxc5
Bxc5 9. Be3 b6 10. c4 Ba6 11. Nbd2 d5 12. Bxc5 Nxc5 13. Bc2 Nxc4 14. Nxc4 Bxc4
15. Re1 O-O 16. b3 Ba6 17. b4 Ne4 18. Bd3 Nc3 19. Qd2 Qc8 20. Bxa6 Qc6 21. Ne5
Qd6 22. Qxc3 d4 23. Qb3 f4 24. Nf3 Kh8 25. Rxe6 Qd7 26. Ne5 Qc7 27. Bd3 a5 28.
Be4 Qxe5 29. Rxe5 Rad8 30. Qh3 axb4 31. Qxh7# 1-0

[Event "AUTO-INT-3938"]
[Site "http://www.queenalice.com/game.php?id=1859411"]
[Date "2025.7.5"]
[Round "1"]
[White "game"]
[Black "SamuraiJOM"]
[Result "0-1"]
[WhiteElo "1761"]
[BlackElo "1755"]

1. e4 e5 2. Nf3 Nc6 3. Bb5 a6 4. Bxc6 dxc6 5. Nxe5 Nf6 6. d3 Bc5 7. O-O O-O 8.
Ng4 Nxg4 9. Qf3 Nf6 10. e5 Bg4 11. Qg3 Be2 12. exf6 Qxf6 13. Bg5 Qxb2 14. Bf6
Qxf6 15. Nd2 Bd6 16. Qh3 Bxf1 17. Rxf1 Bf4 18. Ne4 Qg6 19. g3 Be5 20. f4 Bd4+
21. Nf2 f5 22. g4 fxg4 23. Qg3 h5 24. Kh1 Rac8 25. Ne4 b5 26. c4 bxc4 27. Ng5
cxd3 28. Rd1 Bf6 29. Ne6 Rfe8 30. Ng5 Bxg5 31. fxg5 Red8 32. h4 gxh3 33. Kh2 d2
34. Qxh3 c5 35. Qb3+ Kh8 36. Qg3 Rd3 37. Qf4 Qd6 0-1

[Event "AUTO-INT-3939"]
[Site "http://www.queenalice.com/game.php?id=1860132"]
[Date "2025.7.18"]
[Round "1"]
[White "zmanomega"]
[Black "SamuraiJOM"]
[Result "1-0"]
[WhiteElo "1672"]
[BlackElo "1742"]

1. e4 e5 2. Nf3 Nc6 3. c3 Nf6 4. d3 Bc5 5. h3 O-O 6. Bg5 h6 7. Bd2 Ne7 8. Nxe5
d6 9. Nf3 Ng6 10. h4 h5 11. Ng5 Bg4 12. f3 Bd7 13. d4 Bb6 14. g4 hxg4 15. h5 Ne7
16. h6 g6 17. Bd3 g3 18. Bf1 Kh8 19. Qb3 Be6 20. Qc2 c6 21. f4 Bg4 22. f5 gxf5
23. Bd3 Qd7 24. Be3 Bf3 25. Nxf3 fxe4 26. Bxe4 d5 27. Bd3 Qg4 28. Qg2 Ne4 29.
Rh3 Nf5 30. Nbd2 Nxe3 31. Qh1 g2 32. Qh2 Ng5 33. Rg3 Qe6 34. Kf2 Ng4+ 35. Rxg4
Qxg4 36. Nxg5 Qxg5 37. Nf3 Qf6 38. Qxg2 Qxh6 39. Rh1 Qxh1 40. Qxh1+ Kg7 41. Ne5
Rh8 42. Qf3 Rh2+ 43. Ke3 Kh8 44. Nxf7+ Kg8 45. Qg3+ 1-0

[Event "AUTO-INT-3939"]
[Site "http://www.queenalice.com/game.php?id=1860133"]
[Date "2025.7.18"]
[Round "1"]
[White "SamuraiJOM"]
[Black "zmanomega"]
[Result "1-0"]
[WhiteElo "1729"]
[BlackElo "1656"]

1. e4 e5 2. Nf3 d6 3. Bc4 Nf6 4. O-O Nxe4 5. d3 Nc5 6. Be3 Nbd7 7. Nbd2 h6 8. h4
f6 9. Qe2 g5 10. Bd5 gxh4 11. Nxh4 h5 12. Bf3 Nb6 13. d4 Ne6 14. Ng6 Rg8 15. Nh4
Be7 16. dxe5 dxe5 17. Bxh5+ Kd7 18. Qd3+ Bd6 19. Ne4 Rh8 20. Ng3 c5 21. Nhf5 Qc7
22. c4 Na4 23. Ne4 Rxh5 24. Nxf6+ Kd8 25. Nxh5 Nf8 26. Nxd6 Qe7 27. Qd2 Ne6 28.
Qa5+ Nb6 29. Rfd1 Kc7 30. Nf5 Qf8 31. g4 Kb8 32. Qc3 Qh8 33. Nhg7 a6 34. Qxe5+
Ka7 35. b3 Bd7 36. Bh6 Qc8 37. Nd6 Qc6 38. Nxe6 Bxe6 39. Qxe6 Rh8 40. a4 a5 41.
Nb5+ Ka6 42. Qxc6 bxc6 43. Nc7+ Kb7 44. Ne6 Rxh6 45. Nxc5+ Kc7 46. g5 Rh4 47.
Ne6+ Kb7 48. f3 Rh8 49. Nd8+ Kc7 50. Ne6+ Kb8 51. Rd8+ 1-0

[Event "AUTO-INT-3939"]
[Site "http://www.queenalice.com/game.php?id=1860146"]
[Date "2025.7.18"]
[Round "1"]
[White "profeta"]
[Black "SamuraiJOM"]
[Result "0-1"]
[WhiteElo "1654"]
[BlackElo "1731"]

1. e4 e5 2. d4 exd4 3. Qxd4 Nf6 4. Qe5+ Be7 5. Nc3 Nc6 6. Qf4 Bd6 7. Qg5 O-O 8.
Nf3 h6 9. Qh4 Ne5 10. Nxe5 Bxe5 11. Nd5 c6 12. Nxf6+ Bxf6 13. Qg3 Bg5 14. Bxg5
hxg5 15. O-O-O b5 16. e5 Ba6 17. h4 f5 18. Qxg5 f4 19. Qxd8 Raxd8 20. g3 fxg3
21. fxg3 Kh7 22. Bd3+ Kg8 23. h5 Rf3 24. h6 Rxg3 25. h7+ Kh8 26. Rdg1 Rxg1+ 27.
Rxg1 Re8 28. Rf1 Bc8 29. b3 b4 30. e6 dxe6 31. Rf7 e5 32. Rxa7 e4 33. Ba6 Bxa6
34. Rxa6 e3 35. Kd1 c5 36. Ke2 Kxh7 37. c4 bxc3 38. Kd3 c2 39. Kxc2 e2 40. Rc6
e1=Q 41. Kb2 Re2+ 42. Ka3 Qc1+ 43. Ka4 Re4+ 44. Kb5 Rb4+ 45. Ka6 Qa3# 0-1

[Event "AUTO-INT-3939"]
[Site "http://www.queenalice.com/game.php?id=1860147"]
[Date "2025.7.18"]
[Round "1"]
[White "SamuraiJOM"]
[Black "profeta"]
[Result "0-1"]
[WhiteElo "1762"]
[BlackElo "1669"]

1. e4 e5 2. Nf3 Nc6 3. Bc4 Nf6 4. O-O d5 5. exd5 Nxd5 6. Re1 Be6 7. d3 Nf4 8.
Bxe6 fxe6 9. Nc3 Nd4 10. Nxd4 exd4 11. Bxf4 dxc3 12. Rxe6+ Be7 13. Bg5 Qd5 14.
Rxe7+ Kf8 15. Qf3+ Qxf3 16. gxf3 h6 17. Bh4 g5 18. Rxc7 gxh4 19. Rxc3 b6 20. a4
Kg7 21. d4 Rhd8 22. Rc4 h3 23. Rc7+ Kh8 24. Rd1 Rg8+ 25. Kh1 Rg2 26. d5 Rxf2 27.
d6 Rxf3 28. c3 Raf8 29. Kg1 Rg8+ 30. Kh1 Rgf8 31. Rg1 Rf1 32. d7 Rg8 33. Rc8
Rxg1# 0-1

[Event "AUTO-INT-3939"]
[Site "http://www.queenalice.com/game.php?id=1860155"]
[Date "2025.7.18"]
[Round "1"]
[White "SamuraiJOM"]
[Black "ajr"]
[Result "0-1"]
[WhiteElo "1744"]
[BlackElo "1702"]

1. e4 c5 2. d4 d6 3. dxc5 dxc5 4. Bd2 a6 5. Nf3 Nc6 6. a4 e5 7. Bc4 Bg4 8. h3
Bxf3 9. Qxf3 Nf6 10. Bg5 Be7 11. Nd2 Nd4 12. Qb3 Nxb3 13. Nxb3 h6 14. O-O hxg5
15. Nd2 Qxd2 16. Rfd1 Qxc2 17. Rdc1 Qxe4 18. f3 Qd4+ 19. Kf1 Nd5 20. Bxd5 Qxd5
21. Rd1 Qc4+ 22. Kg1 Rd8 23. Rdc1 Qd4+ 24. Kh1 Qxb2 25. Rcb1 Qd4 26. Rd1 Qc3 27.
Rdc1 Qd4 28. Rd1 Qb2 29. Rab1 Rxd1+ 30. Rxd1 c4 31. Rg1 c3 32. a5 c2 33. g4 c1=Q
34. Rxc1 Qxc1+ 35. Kg2 Qd2+ 36. Kg3 Bc5 37. f4 Qxf4+ 0-1

[Event "AUTO-INT-3915"]
[Site "http://www.queenalice.com/game.php?id=1860235"]
[Date "2025.7.20"]
[Round "2"]
[White "Carlos19"]
[Black "SamuraiJOM"]
[Result "1-0"]
[WhiteElo "1696"]
[BlackElo "1772"]

1. e4 e5 2. Nf3 Nc6 3. Bc4 h6 4. d3 Nf6 5. a3 Be7 6. Nc3 O-O 7. O-O d6 8. b4 a6
9. b5 axb5 10. Bxb5 Bg4 11. h3 Bh5 12. Bxc6 bxc6 13. g4 Bg6 14. g5 Nh5 15. h4 d5
16. Nxe5 Bh7 17. Nxc6 Qd6 18. Nxe7+ Qxe7 19. Nxd5 Qd6 20. Qxh5 Bg6 21. Qg4 h5
22. Qh3 Qc5 23. c4 Qd6 24. Bf4 Qc5 25. Nxc7 Rac8 26. Nb5 Qe7 27. Bd6 Qb7 28.
Bxf8 Rxf8 29. f4 f6 30. f5 Bh7 31. g6 Qd7 32. gxh7+ Kxh7 33. Qg2 Rg8 34. Qg6+
Kh8 35. Qxh5# 1-0

[Event "AUTO-INT-3915"]
[Site "http://www.queenalice.com/game.php?id=1860236"]
[Date "2025.7.20"]
[Round "2"]
[White "SamuraiJOM"]
[Black "Carlos19"]
[Result "1/2-1/2"]
[WhiteElo "1736"]
[BlackElo "1577"]

1. e4 e5 2. Nf3 Nc6 3. Bc4 h6 4. O-O d6 5. c3 Nf6 6. d3 a6 7. a4 g5 8. d4 exd4
9. cxd4 Bg4 10. h3 Bxf3 11. Qxf3 Nxd4 12. Qd1 c5 13. Nd2 g4 14. hxg4 Nxg4 15.
Qxg4 Qe7 16. a5 f6 17. Qh5+ Kd8 18. Qd5 Nc2 19. Rb1 Nb4 20. Qf5 Nc6 21. Nb3 Qe5
22. Qxe5 Nxe5 23. Bd5 Ra7 24. Bd2 c4 25. Nc1 h5 26. Ne2 Nd3 27. Bxc4 Nc5 28. Bc3
Nxe4 29. Rfd1 Nxc3 30. Nxc3 h4 31. Ne4 h3 32. gxh3 Rxh3 33. Nxf6 Rh4 34. Bd5 Ra4
35. Ra1 Rb4 36. b3 Bg7 37. Ra4 Rxa4 38. bxa4 Bxf6 39. Rb1 Kc7 40. Rc1+ Kd7 41.
Kg2 Bd4 42. Rb1 Bc3 43. Bxb7 Bxa5 44. Bd5 Bc3 45. Rc1 Bb2 46. Rd1 Rc7 47. f4
Rc2+ 48. Kg3 Rc3+ 49. Kg4 Ra3 50. f5 Rxa4+ 51. Kg5 Ke7 52. Bc6 Ra5 53. Kg6 Bf6
54. Re1+ Re5 55. Ra1 d5 56. Rxa6 d4 57. Ra7+ Kd6 58. Bf3 Re7 59. Ra6+ Ke5 60.
Rxf6 d3 61. Bd1 Kd4 62. Rd6+ Kc3 63. f6 Re1 64. Rc6+ Kb2 65. f7 Rg1+ 66. Kh7
Rxd1 67. f8=Q Rh1+ 68. Kg6 Rg1+ 69. Kh7 Rh1+ 70. Kg6 Rg1+ 71. Kh7 Rh1+ 72. Kg6
1/2-1/2

[Event "AUTO-INT-3915"]
[Site "http://www.queenalice.com/game.php?id=1860239"]
[Date "2025.7.20"]
[Round "2"]
[White "SamuraiJOM"]
[Black "game"]
[Result "1-0"]
[WhiteElo "1723"]
[BlackElo "1689"]

1. e4 e5 2. Nf3 d6 3. Bc4 Qf6 4. O-O Nc6 5. c3 Na5 6. Bd3 Nh6 7. Bc4 Nxc4 8. Qe2
b5 9. d3 Nb6 10. Bg5 Qe6 11. Nbd2 Be7 12. d4 O-O 13. Qxb5 exd4 14. cxd4 Bd7 15.
Qb3 Qxb3 16. Nxb3 Rfe8 17. d5 Bb5 18. Rfc1 Na4 19. Nbd4 a6 20. b3 Nc5 21. a4 Bd3
22. e5 Nxb3 23. Nxb3 dxe5 24. h3 Bxg5 25. Rxc7 Bf6 26. Re1 g5 27. Nbd2 g4 28.
hxg4 Nxg4 29. Ne4 Red8 30. Rc6 Kg7 31. d6 Rd7 32. Rc7 Rxc7 33. dxc7 Rc8 34. Nd6
Rxc7 35. Ne8+ Kg6 36. Nxc7 e4 37. Nd2 Bc3 38. Rd1 Be2 39. Re1 Bd3 40. Rd1 Bd4
41. Nxe4 Ne5 42. Re1 f5 43. Nc5 Ng4 44. Re6+ Kf7 45. Nxd3 h5 46. Rxa6 Bf6 47. f3
Ne3 48. Ra7 Kg6 49. f4 Ng4 50. Ra6 h4 51. Ne5+ Nxe5 52. fxe5 f4 53. exf6 Kf7 54.
Kf2 Kf8 55. Kf3 Kf7 56. Kxf4 Kf8 57. Kf5 1-0

[Event "AUTO-INT-3915"]
[Site "http://www.queenalice.com/game.php?id=1860240"]
[Date "2025.7.20"]
[Round "2"]
[White "game"]
[Black "SamuraiJOM"]
[Result "0-1"]
[WhiteElo "1779"]
[BlackElo "1737"]

1. e3 e5 2. Bc4 Nf6 3. d4 exd4 4. exd4 Bd6 5. Nf3 O-O 6. O-O Nc6 7. Ng5 h6 8.
Nf3 a6 9. Ne5 Ne7 10. Nc3 Bxe5 11. dxe5 Nh7 12. Bf4 d6 13. Nd5 dxe5 14. Bxe5 Nf5
15. Qf3 Ng5 16. Qa3 c6 17. Nf4 Be6 18. Rad1 Qe7 19. Qc3 Ne4 20. Qf3 Bxc4 21.
Qxe4 Bxf1 22. Kxf1 f6 23. Ng6 Qe6 24. Nxf8 Rxf8 25. g4 Nh4 26. g5 Nf5 27. Re1
fxe5 28. g6 Nd4 29. c3 Nf3 30. Rc1 Nxh2+ 31. Ke1 Qxa2 32. Rc2 Nf3+ 33. Ke2 Rf4
34. Qd3 Ng1+ 35. Kd2 Rxf2+ 36. Ke3 Rf3+ 0-1

[Event "AUTO-INT-3913"]
[Site "http://www.queenalice.com/game.php?id=1860894"]
[Date "2025.7.31"]
[Round "2"]
[White "ajr"]
[Black "SamuraiJOM"]
[Result "0-1"]
[WhiteElo "1720"]
[BlackElo "1726"]

1. d4 d5 2. h3 Nf6 3. Nc3 Bf5 4. g4 Be6 5. Bg5 h6 6. Bxf6 exf6 7. a3 Bd6 8. e3
Nd7 9. Bg2 O-O 10. Bxd5 Bxd5 11. Nxd5 c6 12. Nb4 a5 13. Nd3 g5 14. Nf3 Re8 15.
Ke2 b6 16. c4 Nf8 17. c5 bxc5 18. dxc5 Bc7 19. Nd4 Ne6 20. Nxe6 fxe6 21. b4 f5
22. gxf5 exf5 23. Qb3+ Kf8 24. Rhd1 Qf6 25. b5 Rab8 26. a4 f4 27. b6 Be5 28.
Rac1 Bd4 29. Ne1 fxe3 30. Kd3 exf2 31. Ng2 Qf3+ 32. Kc4 Qd5+ 0-1

[Event "AUTO-INT-3919"]
[Site "http://www.queenalice.com/game.php?id=1863304"]
[Date "2025.9.23"]
[Round "3"]
[White "SamuraiJOM"]
[Black "SGF"]
[Result "0-1"]
[WhiteElo "1730"]
[BlackElo "1712"]

1. e4 e5 2. Nf3 Qf6 3. c3 d6 4. d3 Be7 5. d4 Bg4 6. dxe5 dxe5 7. Be2 Nc6 8. Bg5
Qd6 9. Qxd6 Bxd6 10. O-O f6 11. Be3 g5 12. Nbd2 a6 13. h3 Bxf3 14. Bxf3 b5 15.
a4 b4 16. Bh5+ Ke7 17. Nc4 bxc3 18. bxc3 a5 19. Nxd6 cxd6 20. Bg4 h5 21. Bf3 Nh6
22. Bd2 g4 23. hxg4 hxg4 24. Be2 f5 25. Bb5 Rac8 26. Bg5+ Ke6 27. Bc4+ Kd7 28.
exf5 Nxf5 29. Bd3 Nfe7 30. Bb5 Rh5 31. Be3 Nd5 32. Ba6 Rch8 33. g3 Rh1+ 0-1

[Event "AUTO-ADV-4897"]
[Site "http://www.queenalice.com/game.php?id=1863979"]
[Date "2025.10.8"]
[Round "1"]
[White "askasl159"]
[Black "SamuraiJOM"]
[Result "0-1"]
[WhiteElo "1349"]
[BlackElo "1752"]

1. e4 e5 2. f4 Nc6 3. Nf3 d6 4. Bc4 h6 5. d4 exd4 6. Nxd4 Nxd4 7. Qxd4 Nf6 8.
O-O c5 9. Bb5+ Bd7 10. Bxd7+ Qxd7 11. Qc4 b6 12. e5 dxe5 13. fxe5 Nd5 14. Nc3
Nxc3 15. Qxc3 Qe6 0-1

[Event "AUTO-ADV-4897"]
[Site "http://www.queenalice.com/game.php?id=1863980"]
[Date "2025.10.8"]
[Round "1"]
[White "SamuraiJOM"]
[Black "askasl159"]
[Result "1-0"]
[WhiteElo "1750"]
[BlackElo "1351"]

1. e4 e5 2. Nf3 Nc6 3. Bc4 h6 4. O-O Nf6 5. c3 Bc5 6. h3 O-O 7. d3 a6 8. d4 exd4
9. cxd4 Bb6 10. d5 Na7 11. Bf4 Nxe4 12. Nbd2 Re8 13. Bd3 Nc5 14. Bc2 Qf6 15. Be5
Qe7 16. Ne4 1-0

[Event "AUTO-ADV-4897"]
[Site "http://www.queenalice.com/game.php?id=1863992"]
[Date "2025.10.8"]
[Round "1"]
[White "SamuraiJOM"]
[Black "Daniel1962"]
[Result "0-1"]
[WhiteElo "1742"]
[BlackElo "1697"]

1. e4 e5 2. Nf3 d6 3. Bc4 h6 4. O-O Nf6 5. Nc3 Bg4 6. h3 Bxf3 7. Qxf3 Nc6 8. d3
Nb4 9. Qe2 d5 10. exd5 Nfxd5 11. Nxd5 Nxd5 12. Bd2 Qf6 13. Bxd5 c6 14. Bb3 Bc5
15. Be3 Bd6 16. a4 O-O-O 17. Qg4+ Kb8 18. Bc4 g5 19. Qe2 h5 20. g3 Qf5 21. Kg2
e4 22. dxe4 Qxe4+ 23. Kh2 h4 24. Bxf7 hxg3+ 25. fxg3 g4 26. h4 Rxh4+ 0-1

[Event "AUTO-ADV-4897"]
[Site "http://www.queenalice.com/game.php?id=1863997"]
[Date "2025.10.8"]
[Round "1"]
[White "jogo"]
[Black "SamuraiJOM"]
[Result "0-1"]
[WhiteElo "1751"]
[BlackElo "1713"]

1. e4 e5 2. Nf3 Nc6 3. c3 Nf6 4. Qa4 Be7 5. Qc2 Bc5 6. b4 Bb6 7. b5 Ne7 8. d4
exd4 9. cxd4 d6 10. a4 c6 11. bxc6 bxc6 12. Nc3 d5 13. e5 Bf5 14. Bd3 Bxd3 15.
Qxd3 Ba5 0-1